[Event "BRA-ch Amateur U1800"]
[Site "Sao Paulo"]
[Date "2016.05.28"]
[Round "5"]
[White "Krongold, Breno"]
[Black "Pereira Fo, Hildebrando Apolon"]
[Result "1-0"]
[WhiteElo "1625"]
[BlackElo "1799"]
[PlyCount "85"]
[EventDate "2016.05.26"]
[EventType "swiss"]
[EventRounds "7"]
[EventCountry "BRA"]
[SourceTitle "EXT 2019"]
[Source "ChessBase"]
[SourceDate "2018.10.10"]
[SourceVersion "1"]
[SourceVersionDate "2018.10.10"]
[SourceQuality "1"]

1. e4 e5 2. Nf3 d6 3. d4 exd4 4. Nxd4 Nf6 5. Nc3 Be7 6. Be3 Bd7 7. Be2 Nc6 8. Nxc6 Bxc6 9. f3 0-0 10. Qd2 d5 11. exd5 Nxd5 12. Nxd5 Bxd5 13. 0-0-0 c6 14. Qc3 Bf6 15. Bd4 Bxd4 16. Qxd4 Qg5+ 17. Kb1 Rfe8 18. Bc4 Bxc4 19. Qxc4 Qxg2 20. Qc3 Rad8 21. Rdg1 Re2 22. Rxg2 Rxg2 23. Kc1 h5 24. h4 Rd5 25. b3 Rf5 26. Qe3 Kh7 27. Kb2 Rg3 28. Rf1 Rh3 29. Qxa7 Rxh4 30. Qxb7 c5 31. a4 Rb4 32. Qd7 g6 33. c3 Rb6 34. Qc7 Ra6 35. Qb7 Rff6 36. Ka3 Kg7 37. Rd1 Rab6 38. Qc7 Rfc6 39. Qe5+ Kh6 40. f4 f6 41. Qe8 g5 42. f5 g4 43. Qg6# 1-0

[Event "BRA-ch Amateur U1800"]
[Site "Sao Paulo"]
[Date "2016.05.28"]
[Round "6"]
[White "Resende, Lucas B Massucato"]
[Black "Krongold, Breno"]
[Result "1-0"]
[WhiteElo "1669"]
[BlackElo "1625"]
[PlyCount "93"]
[EventDate "2016.05.26"]
[EventType "swiss"]
[EventRounds "7"]
[EventCountry "BRA"]
[SourceTitle "EXT 2019"]
[Source "ChessBase"]
[SourceDate "2018.10.10"]
[SourceVersion "1"]
[SourceVersionDate "2018.10.10"]
[SourceQuality "1"]

1. e4 e5 2. Nf3 Nc6 3. d4 exd4 4. Nxd4 Bc5 5. Be3 Nxd4 6. Bxd4 Bxd4 7. Qxd4 Qf6 8. c3 d6 9. Bc4 Be6 10. Nd2 Qxd4 11. cxd4 Nf6 12. f3 c6 13. Rc1 0-0 14. Bxe6 fxe6 15. Rc3 Rac8 16. Nc4 Rfd8 17. Na5 Rd7 18. 0-0 Rdc7 19. Nc4 Ne8 20. Ne3 Nf6 21. Rfc1 b6 22. d5 exd5 23. exd5 c5 24. Rd1 g6 25. Nc4 Rd7 26. Re3 Re8 27. Re6 Kf7 28. Nxd6+ Rxd6 29. Rxd6 Re5 30. Kf2 Ke7 31. Re6+ Rxe6 32. dxe6 Kxe6 33. Rd8 a5 34. a4 Nd5 35. Rb8 Ke5 36. Rb7 Kd4 37. Rxh7 Kc4 38. Rg7 Kb3 39. Rxg6 Kxb2 40. Rd6 Kb3 41. Rxd5 Kxa4 42. h4 c4 43. h5 Kb3 44. h6 c3 45. Rd3 a4 46. h7 a3 47. h8Q 1-0

[Event "Sao Bernardo do Campo LXSBC op 2nd"]
[Site "Sao Bernardo do Campo"]
[Date "2015.07.24"]
[Round "2"]
[White "Awoki, Daniel Teidi"]
[Black "Krongold, Breno"]
[Result "1-0"]
[WhiteElo "2037"]
[BlackElo "1649"]
[PlyCount "105"]
[EventDate "2015.07.24"]
[EventType "swiss"]
[EventRounds "6"]
[EventCountry "BRA"]
[SourceTitle "EXT 2016"]
[Source "ChessBase"]
[SourceDate "2015.10.08"]
[SourceVersion "1"]
[SourceVersionDate "2015.10.08"]
[SourceQuality "1"]

1. e4 e5 2. Nf3 Nc6 3. d4 exd4 4. Bc4 Nf6 5. e5 d5 6. Bb5 Nd7 7. 0-0 Be7 8. Nxd4 Nxd4 9. Qxd4 c6 10. Bd3 Nc5 11. b3 Nxd3 12. Qxd3 Be6 13. f4 g6 14. a4 Qc7 15. Ba3 Qb6+ 16. Kh1 Bf5 17. Qe2 Bxa3 18. Nxa3 Qc5 19. c4 Rd8 20. Rfd1 h5 21. Qe1 a6 22. b4 Qe7 23. cxd5 cxd5 24. Rac1 Be4 25. Nc4 Bxg2+ 26. Kxg2 dxc4 27. Rxc4 Rxd1 28. Qxd1 Qd7 29. Qxd7+ Kxd7 30. Rd4+ Kc7 31. Rd6 Rd8 32. Rf6 Rd7 33. Kf3 Kd8 34. Ke4 Ke7 35. Rb6 Kf8 36. h4 Kg7 37. a5 Kf8 38. f5 gxf5+ 39. Kxf5 Kg7 40. Kg5 Re7 41. Kf5 Rd7 42. e6 fxe6+ 43. Kxe6 Rf7 44. Ke5 Re7+ 45. Re6 Rxe6+ 46. Kxe6 Kg6 47. Ke5 Kg7 48. Kf5 Kh6 49. Kf6 Kh7 50. Kg5 Kg7 51. Kxh5 Kh7 52. Kg5 Kg7 53. Kf5 1-0

[Event "Mogi das Cruzes Catropa Memorial"]
[Site "Mogi das Cruzes"]
[Date "2014.09.06"]
[Round "4"]
[White "Sato, Leticia Miho"]
[Black "Krongold, Breno"]
[Result "0-1"]
[WhiteElo "1830"]
[BlackElo "1653"]
[PlyCount "128"]
[EventDate "2014.09.05"]
[EventType "swiss"]
[EventRounds "6"]
[EventCountry "BRA"]
[SourceTitle "CBM 162 Extra"]
[Source "ChessBase"]
[SourceDate "2014.10.17"]
[SourceVersion "1"]
[SourceVersionDate "2014.10.17"]
[SourceQuality "1"]

1. d4 d5 2. Nf3 Bg4 3. Nbd2 Nf6 4. h3 Bh5 5. e3 e6 6. Bd3 c5 7. c3 Nc6 8. 0-0 Be7 9. Qe2 0-0 10. Qe1 Nd7 11. Be2 Re8 12. e4 dxe4 13. Nxe4 Bxf3 14. Bxf3 cxd4 15. cxd4 Nxd4 16. Qc3 Nxf3+ 17. Qxf3 Nf6 18. Nxf6+ Bxf6 19. Qxb7 Re7 20. Qb3 Rb8 21. Rd1 Qe8 22. Qd3 Reb7 23. Rb1 Bxb2 24. Bxb2 Rxb2 25. Rxb2 Rxb2 26. Qd8 Rb8 27. Qxe8+ Rxe8 28. Rd7 Ra8 29. Kf1 g6 30. Ke2 Kg7 31. Ke3 Kf6 32. Ke4 h5 33. a3 a5 34. Rc7 Ra6 35. Rd7 Rc6 36. Rd3 Rc5 37. Rd2 Ke7 38. Kf3 Rc3+ 39. Ke2 Rxa3 40. Rb2 f5 41. Rb8 a4 42. Ra8 Kf6 43. Kd2 Ra2+ 44. Kc3 Rxf2 45. Rxa4 Rxg2 46. Kd3 Rg3+ 47. Ke2 Rxh3 48. Kf2 Rb3 49. Kg2 e5 50. Ra2 e4 51. Re2 Ke5 52. Kf2 g5 53. Kg2 h4 54. Re1 g4 55. Rh1 Rb2+ 56. Kg1 h3 57. Rh2 Rxh2 58. Kxh2 Kf4 59. Kh1 e3 60. Kg1 Kg3 61. Kf1 h2 62. Ke2 f4 63. Kf1 f3 64. Ke1 h1Q# 0-1

[Event "Sao Paulo IRT op 3rd"]
[Site "Sao Paulo"]
[Date "2013.09.08"]
[Round "6"]
[White "De Carvalho Machado, Fernando"]
[Black "Krongold, Breno"]
[Result "1-0"]
[WhiteElo "1775"]
[BlackElo "1658"]
[PlyCount "57"]
[EventDate "2013.09.06"]
[EventType "swiss"]
[EventRounds "6"]
[EventCountry "BRA"]
[SourceTitle "CBM 156 Extra"]
[Source "ChessBase"]
[SourceDate "2013.10.22"]
[SourceVersion "1"]
[SourceVersionDate "2013.10.22"]
[SourceQuality "1"]

1. d4 d5 2. Nf3 Nf6 3. e3 e6 4. Bd3 c5 5. b3 Nc6 6. 0-0 Be7 7. Bb2 a6 8. Nbd2 b5 9. c4 Bb7 10. cxb5 Nb4 11. Be2 axb5 12. Bxb5+ Bc6 13. Bxc6+ Nxc6 14. dxc5 Qa5 15. a3 Qxc5 16. Rc1 Qb6 17. Qc2 Kd7 18. b4 Rhc8 19. Qd3 h6 20. e4 Ke8 21. Bxf6 Bxf6 22. exd5 Rd8 23. Qc4 Ne5 24. Nxe5 Bxe5 25. Nf3 Rxd5 26. Rfe1 Qd6 27. Nxe5 Rxe5 28. Rxe5 Rxa3 29. Re2 1-0

[Event "Sao Bernardo do Campo op"]
[Site "Sao Bernardo do Campo"]
[Date "2013.06.29"]
[Round "4"]
[White "Krongold, Breno"]
[Black "De Souza, Agnes Ferreira"]
[Result "1/2-1/2"]
[WhiteElo "1657"]
[BlackElo "1733"]
[PlyCount "90"]
[EventDate "2013.06.28"]
[EventType "swiss"]
[EventRounds "6"]
[EventCountry "BRA"]
[SourceTitle "EXT 2014"]
[Source "ChessBase"]
[SourceDate "2013.11.20"]
[SourceVersion "1"]
[SourceVersionDate "2013.11.20"]
[SourceQuality "1"]

1. c4 e5 2. Nc3 Nf6 3. g3 Bc5 4. Bg2 Nc6 5. Nf3 0-0 6. e3 d5 7. cxd5 Nxd5 8. 0-0 Nxc3 9. bxc3 f5 10. d4 Bd6 11. Qb3+ Kh8 12. dxe5 Nxe5 13. Ba3 Nxf3+ 14. Bxf3 Bxa3 15. Qxa3 Qf6 16. Rab1 c6 17. Rfd1 Qf7 18. Rd2 Be6 19. Rdb2 Bc8 20. Rd2 a6 21. Rbd1 Be6 22. Qa5 h6 23. a3 Qf6 24. Rd6 Rac8 25. Be2 g6 26. Bc4 Rfe8 27. Bxe6 Rxe6 28. Rxe6 Qxe6 29. Rd8+ Rxd8 30. Qxd8+ Kg7 31. Qc7+ Qf7 32. Qe5+ Kg8 33. h4 h5 34. Kg2 Qd5+ 35. Qxd5+ cxd5 36. Kf3 Kf7 37. Kf4 Kf6 38. a4 b6 39. f3 a5 40. g4 fxg4 41. fxg4 hxg4 42. Kxg4 Ke6 43. Kg5 Kf7 44. Kf4 Ke6 45. Kg5 Kf7 1/2-1/2

[Event "BRA-ch Amateur"]
[Site "Sao Paulo"]
[Date "2013.02.10"]
[Round "3"]
[White "Pinto, Rendrex Lopes"]
[Black "Krongold, Breno"]
[Result "1-0"]
[WhiteElo "1946"]
[BlackElo "1663"]
[PlyCount "63"]
[EventDate "2013.02.09"]
[EventType "swiss"]
[EventRounds "7"]
[EventCountry "BRA"]
[SourceTitle "CBM 152 Extra"]
[Source "ChessBase"]
[SourceDate "2013.02.25"]
[SourceVersion "1"]
[SourceVersionDate "2013.02.25"]
[SourceQuality "1"]

1. e4 c5 2. d3 Nc6 3. f4 d6 4. Nf3 g6 5. g3 Bg7 6. Bg2 e6 7. 0-0 Nge7 8. c3 0-0 9. Nbd2 Qc7 10. a4 b6 11. Re1 Bb7 12. Nf1 Rad8 13. g4 d5 14. e5 d4 15. c4 Nb4 16. Ng3 Rde8 17. Ne4 Bxe4 18. Rxe4 Qd7 19. Re1 Bh6 20. Re2 Bg7 21. Ra3 Nec6 22. Qe1 h6 23. Qh4 Qd8 24. Qh3 Qd7 25. Nd2 Nc2 26. Ne4 Nxa3 27. Nf6+ Bxf6 28. exf6 h5 29. Qh4 e5 30. Qg5 Qd6 31. Bd5 Kh7 32. fxe5 1-0

[Event "Sao Bernardo do Campo LXSBC op"]
[Site "Sao Bernardo do Campo"]
[Date "2012.05.19"]
[Round "3"]
[White "Krongold, Breno"]
[Black "Tamarozi, Isabelle"]
[Result "0-1"]
[WhiteElo "1670"]
[BlackElo "1675"]
[PlyCount "108"]
[EventDate "2012.05.18"]
[EventType "swiss"]
[EventRounds "6"]
[EventCountry "BRA"]
[SourceTitle "EXT 2014"]
[Source "ChessBase"]
[SourceDate "2013.11.20"]
[SourceVersion "1"]
[SourceVersionDate "2013.11.20"]
[SourceQuality "1"]

1. e4 c5 2. Nf3 d6 3. d4 cxd4 4. Nxd4 Nf6 5. Nc3 g6 6. Be3 Bg7 7. Qd2 Nc6 8. Nxc6 bxc6 9. Bc4 0-0 10. 0-0 Nxe4 11. Nxe4 d5 12. Bd3 dxe4 13. Bxe4 Qxd2 14. Bxd2 Be6 15. c3 Rab8 16. b3 c5 17. Rac1 a5 18. c4 a4 19. bxa4 Rb2 20. Bc3 Bxc3 21. Rxc3 Rxa2 22. Bc6 Rd8 23. Rfc1 Rdd2 24. f4 Bd7 25. Bf3 Bxa4 26. Re3 e6 27. Kf1 Bd7 28. Re5 Ra5 29. Ke1 Rb2 30. Rd1 Ba4 31. Ra1 Rb6 32. Bd1 Rba6 33. Bxa4 Rxa4 34. Rxa4 Rxa4 35. Rxc5 Ra2 36. Kf1 Kf8 37. h3 h5 38. Re5 Rc2 39. g4 hxg4 40. hxg4 Rxc4 41. f5 Rf4+ 42. Ke2 exf5 43. gxf5 f6 44. Rb5 g5 45. Ke3 Kg7 46. Kd3 Kh6 47. Ke3 Kh5 48. Rd5 Kg4 49. Rc5 Rxf5 50. Rc4+ Kg3 51. Ke2 g4 52. Rc3+ Rf3 53. Rxf3+ gxf3+ 54. Kf1 f2 0-1

[Event "Nova Odessa IRT Regional 2nd"]
[Site "Nova Odessa"]
[Date "2011.09.10"]
[Round "3.6"]
[White "Marino, Felipe Gabriel"]
[Black "Krongold, Breno"]
[Result "1-0"]
[WhiteElo "1590"]
[BlackElo "1713"]
[PlyCount "77"]
[EventDate "2011.09.09"]
[EventType "swiss"]
[EventRounds "6"]
[EventCountry "BRA"]
[SourceTitle "EXT 2022"]
[Source "ChessBase"]
[SourceDate "2021.10.06"]
[SourceVersion "1"]
[SourceVersionDate "2021.10.06"]
[SourceQuality "1"]

1. e4 e5 2. Nf3 Nc6 3. Bc4 Nf6 4. d3 Be7 5. 0-0 0-0 6. Bg5 d6 7. h3 Na5 8. Nbd2 c6 9. c3 Nxc4 10. Nxc4 b6 11. Ne3 Re8 12. Qc2 Qc7 13. Rfd1 Be6 14. Nh4 g6 15. Nf3 Nh5 16. Bxe7 Qxe7 17. d4 f6 18. d5 cxd5 19. Nxd5 Bxd5 20. Rxd5 Nf4 21. Rd2 Qe6 22. Qb3 Rad8 23. Rad1 Qxb3 24. axb3 Re6 25. Nh4 Kf7 26. Kh2 Nh5 27. g3 Ng7 28. b4 Ke7 29. Ng2 f5 30. f3 Rf6 31. Ne3 Ke6 32. Nc4 Ne8 33. Ra1 fxe4 34. fxe4 Rd7 35. Kg2 d5 36. Rad1 Nc7 37. Ne3 Rff7 38. exd5+ Kf6 39. Ng4+ 1-0

[Event "BRA-ch Amateur"]
[Site "Sao Paulo"]
[Date "2011.03.05"]
[Round "2"]
[White "Branchini, Fernando Luis Sakam"]
[Black "Krongold, Breno"]
[Result "1-0"]
[WhiteElo "1959"]
[BlackElo "1697"]
[PlyCount "99"]
[EventDate "2011.03.05"]
[EventType "swiss"]
[EventRounds "7"]
[EventCountry "BRA"]
[SourceTitle "EXT 2014"]
[Source "ChessBase"]
[SourceDate "2013.11.20"]
[SourceVersion "1"]
[SourceVersionDate "2013.11.20"]
[SourceQuality "1"]

1. e4 e5 2. Nf3 Nc6 3. Bb5 a6 4. Ba4 Nf6 5. 0-0 d6 6. Re1 b5 7. Bb3 Na5 8. d4 Nxb3 9. axb3 exd4 10. e5 dxe5 11. Nxe5 Be6 12. Nc6 Qd5 13. Nxd4 Bc5 14. Nxe6 Qxd1 15. Nxg7+ Kf8 16. Rxd1 Kxg7 17. Bf4 Rhe8 18. Nc3 Ng4 19. Bg3 b4 20. Nd5 Re2 21. Kf1 Rxc2 22. Rac1 Rxc1 23. Rxc1 Bd6 24. Nxc7 Bxc7 25. Rxc7 Rd8 26. h3 Nh6 27. Be5+ Kf8 28. Bf6 Ra8 29. Be7+ Ke8 30. Bxb4 Rb8 31. Bd2 Nf5 32. b4 Nd4 33. Ra7 Nc2 34. Rxa6 Nxb4 35. Bxb4 Rxb4 36. Rh6 Rxb2 37. Rxh7 Kf8 38. g4 Kg8 39. Rh5 Kg7 40. Kg2 Kg6 41. Kg3 Rb3+ 42. f3 Rc3 43. h4 f6 44. Ra5 Rc6 45. h5+ Kh6 46. Kf4 Rc3 47. Ra6 Kg7 48. Ra7+ Kh6 49. Rf7 Rc4+ 50. Kf5 1-0

[Event "BRA-ch Amateur"]
[Site "Sao Paulo"]
[Date "2011.03.05"]
[Round "1"]
[White "Krongold, Breno"]
[Black "Teixeira, Aloisio da Silva"]
[Result "1-0"]
[WhiteElo "1697"]
[BlackElo "1985"]
[PlyCount "77"]
[EventDate "2011.03.05"]
[EventType "swiss"]
[EventRounds "7"]
[EventCountry "BRA"]
[SourceTitle "EXT 2014"]
[Source "ChessBase"]
[SourceDate "2013.11.20"]
[SourceVersion "1"]
[SourceVersionDate "2013.11.20"]
[SourceQuality "1"]

1. e4 e6 2. d4 d5 3. exd5 exd5 4. Nf3 Bd6 5. Be2 Ne7 6. c3 h6 7. 0-0 Nd7 8. Re1 0-0 9. Qc2 Ng6 10. g3 Re8 11. Be3 Nf6 12. Bd3 Ne4 13. Nbd2 Bf5 14. Kg2 Qd7 15. Ng1 Bh3+ 16. Kh1 Ng5 17. f4 Rxe3 18. Rxe3 Nxf4 19. Nxh3 Nfxh3 20. Bf5 Nf2+ 21. Kg2 Ng4 22. Re2 Qb5 23. Bxg4 g6 24. Rae1 h5 25. h4 Nh7 26. Bf3 Nf6 27. c4 Qd7 28. c5 Bf8 29. Nf1 c6 30. Qd2 Kg7 31. Qg5 b6 32. b4 bxc5 33. bxc5 a5 34. Nh2 a4 35. g4 hxg4 36. Nxg4 Nxg4 37. Bxg4 Qb7 38. h5 f6 39. Qxg6+ 1-0